<?xml version="1.0" encoding="UTF-8"?>
<record
    xmlns:xsi="http://www.w3.org/2001/XMLSchema-instance"
    xsi:schemaLocation="http://www.loc.gov/MARC21/slim http://www.loc.gov/standards/marcxml/schema/MARC21slim.xsd"
    xmlns="http://www.loc.gov/MARC21/slim">

  <leader>00636nam a22002057a 4500</leader>
  <controlfield tag="003">OSt</controlfield>
  <controlfield tag="005">20260203110355.0</controlfield>
  <controlfield tag="008">210623b           ||||| |||| 00| 0 eng d</controlfield>
  <datafield tag="020" ind1=" " ind2=" ">
    <subfield code="a">9789389691498</subfield>
  </datafield>
  <datafield tag="082" ind1=" " ind2=" ">
    <subfield code="a">530.141</subfield>
    <subfield code="b">SM5S</subfield>
  </datafield>
  <datafield tag="100" ind1=" " ind2=" ">
    <subfield code="4">Edminister, Joseph A </subfield>
  </datafield>
  <datafield tag="245" ind1=" " ind2=" ">
    <subfield code="a">Schaum's easy outlines : electromagnetics</subfield>
    <subfield code="c">By Joseph A Edminster; Abridgement Edited By William T Smith</subfield>
  </datafield>
  <datafield tag="260" ind1=" " ind2=" ">
    <subfield code="a">Chennai</subfield>
    <subfield code="b">McGraw Hill Education (India)</subfield>
    <subfield code="c">2020</subfield>
  </datafield>
  <datafield tag="300" ind1=" " ind2=" ">
    <subfield code="b">Paperback</subfield>
    <subfield code="a">138p.</subfield>
  </datafield>
  <datafield tag="440" ind1=" " ind2=" ">
    <subfield code="a">Schaum's outline series</subfield>
  </datafield>
  <datafield tag="546" ind1=" " ind2=" ">
    <subfield code="a">English</subfield>
  </datafield>
  <datafield tag="650" ind1=" " ind2=" ">
    <subfield code="2">Electromagnetics--Physics</subfield>
  </datafield>
  <datafield tag="700" ind1=" " ind2=" ">
    <subfield code="a">Smith, William T</subfield>
    <subfield code="e">Editor</subfield>
  </datafield>
  <datafield tag="942" ind1=" " ind2=" ">
    <subfield code="2">ddc</subfield>
    <subfield code="c">BK</subfield>
  </datafield>
  <datafield tag="999" ind1=" " ind2=" ">
    <subfield code="c">24356</subfield>
    <subfield code="d">24356</subfield>
  </datafield>
  <datafield tag="952" ind1=" " ind2=" ">
    <subfield code="0">0</subfield>
    <subfield code="1">0</subfield>
    <subfield code="2">ddc</subfield>
    <subfield code="4">0</subfield>
    <subfield code="7">0</subfield>
    <subfield code="8">TXB</subfield>
    <subfield code="a">CURAJ</subfield>
    <subfield code="b">CURAJ</subfield>
    <subfield code="c">ECE</subfield>
    <subfield code="d">2021-06-23</subfield>
    <subfield code="e">Academic Book Centre</subfield>
    <subfield code="g">450.00</subfield>
    <subfield code="i">ABC/2020-21/219/03/03/2021</subfield>
    <subfield code="l">1</subfield>
    <subfield code="o">530.141 SM5S</subfield>
    <subfield code="p">36073</subfield>
    <subfield code="r">2026-05-19</subfield>
    <subfield code="s">2026-04-27</subfield>
    <subfield code="w">2021-06-23</subfield>
    <subfield code="y">BK</subfield>
  </datafield>
  <datafield tag="952" ind1=" " ind2=" ">
    <subfield code="0">0</subfield>
    <subfield code="1">0</subfield>
    <subfield code="2">ddc</subfield>
    <subfield code="4">0</subfield>
    <subfield code="7">0</subfield>
    <subfield code="8">TXB</subfield>
    <subfield code="a">CURAJ</subfield>
    <subfield code="b">CURAJ</subfield>
    <subfield code="c">ECE</subfield>
    <subfield code="d">2021-06-23</subfield>
    <subfield code="e">Academic Book Centre</subfield>
    <subfield code="g">450.00</subfield>
    <subfield code="i">ABC/2020-21/219/03/03/2021</subfield>
    <subfield code="l">1</subfield>
    <subfield code="o">530.141 SM5S</subfield>
    <subfield code="p">36074</subfield>
    <subfield code="r">2023-04-17</subfield>
    <subfield code="s">2023-04-03</subfield>
    <subfield code="w">2021-06-23</subfield>
    <subfield code="y">BK</subfield>
  </datafield>
  <datafield tag="952" ind1=" " ind2=" ">
    <subfield code="0">0</subfield>
    <subfield code="1">0</subfield>
    <subfield code="2">ddc</subfield>
    <subfield code="4">0</subfield>
    <subfield code="7">0</subfield>
    <subfield code="8">TXB</subfield>
    <subfield code="a">CURAJ</subfield>
    <subfield code="b">CURAJ</subfield>
    <subfield code="c">ECE</subfield>
    <subfield code="d">2021-06-23</subfield>
    <subfield code="e">Academic Book Centre</subfield>
    <subfield code="g">450.00</subfield>
    <subfield code="i">ABC/2020-21/219/03/03/2021</subfield>
    <subfield code="l">2</subfield>
    <subfield code="o">530.141 SM5S</subfield>
    <subfield code="p">36075</subfield>
    <subfield code="r">2025-02-20</subfield>
    <subfield code="s">2025-02-04</subfield>
    <subfield code="w">2021-06-23</subfield>
    <subfield code="y">BK</subfield>
  </datafield>
  <datafield tag="952" ind1=" " ind2=" ">
    <subfield code="0">0</subfield>
    <subfield code="1">0</subfield>
    <subfield code="2">ddc</subfield>
    <subfield code="4">0</subfield>
    <subfield code="7">0</subfield>
    <subfield code="8">TXB</subfield>
    <subfield code="a">CURAJ</subfield>
    <subfield code="b">CURAJ</subfield>
    <subfield code="c">ECE</subfield>
    <subfield code="d">2021-06-23</subfield>
    <subfield code="e">Academic Book Centre</subfield>
    <subfield code="g">450.00</subfield>
    <subfield code="i">ABC/2020-21/219/03/03/2021</subfield>
    <subfield code="l">1</subfield>
    <subfield code="o">530.141 SM5S</subfield>
    <subfield code="p">36076</subfield>
    <subfield code="r">2024-04-04</subfield>
    <subfield code="s">2024-03-20</subfield>
    <subfield code="w">2021-06-23</subfield>
    <subfield code="y">BK</subfield>
  </datafield>
  <datafield tag="952" ind1=" " ind2=" ">
    <subfield code="0">0</subfield>
    <subfield code="1">0</subfield>
    <subfield code="2">ddc</subfield>
    <subfield code="4">0</subfield>
    <subfield code="7">0</subfield>
    <subfield code="8">TXB</subfield>
    <subfield code="a">CURAJ</subfield>
    <subfield code="b">CURAJ</subfield>
    <subfield code="c">ECE</subfield>
    <subfield code="d">2021-06-23</subfield>
    <subfield code="e">Academic Book Centre</subfield>
    <subfield code="g">450.00</subfield>
    <subfield code="i">ABC/2020-21/219/03/03/2021</subfield>
    <subfield code="l">1</subfield>
    <subfield code="o">530.141 SM5S</subfield>
    <subfield code="p">36077</subfield>
    <subfield code="r">2026-01-05</subfield>
    <subfield code="s">2025-12-18</subfield>
    <subfield code="w">2021-06-23</subfield>
    <subfield code="y">BK</subfield>
  </datafield>
  <datafield tag="952" ind1=" " ind2=" ">
    <subfield code="0">0</subfield>
    <subfield code="1">0</subfield>
    <subfield code="2">ddc</subfield>
    <subfield code="4">0</subfield>
    <subfield code="7">0</subfield>
    <subfield code="8">TXB</subfield>
    <subfield code="a">CURAJ</subfield>
    <subfield code="b">CURAJ</subfield>
    <subfield code="c">ECE</subfield>
    <subfield code="d">2021-06-23</subfield>
    <subfield code="e">Academic Book Centre</subfield>
    <subfield code="g">450.00</subfield>
    <subfield code="i">ABC/2020-21/219/03/03/2021</subfield>
    <subfield code="l">2</subfield>
    <subfield code="o">530.141 SM5S</subfield>
    <subfield code="p">36078</subfield>
    <subfield code="r">2025-03-06</subfield>
    <subfield code="s">2025-02-20</subfield>
    <subfield code="w">2021-06-23</subfield>
    <subfield code="y">BK</subfield>
  </datafield>
  <datafield tag="952" ind1=" " ind2=" ">
    <subfield code="0">0</subfield>
    <subfield code="1">0</subfield>
    <subfield code="2">ddc</subfield>
    <subfield code="4">0</subfield>
    <subfield code="7">0</subfield>
    <subfield code="8">TXB</subfield>
    <subfield code="a">CURAJ</subfield>
    <subfield code="b">CURAJ</subfield>
    <subfield code="c">ECE</subfield>
    <subfield code="d">2021-06-23</subfield>
    <subfield code="e">Academic Book Centre</subfield>
    <subfield code="g">450.00</subfield>
    <subfield code="i">ABC/2020-21/219/03/03/2021</subfield>
    <subfield code="o">530.141 SM5S</subfield>
    <subfield code="p">36079</subfield>
    <subfield code="r">2022-05-25</subfield>
    <subfield code="w">2021-06-23</subfield>
    <subfield code="y">BK</subfield>
  </datafield>
  <datafield tag="952" ind1=" " ind2=" ">
    <subfield code="0">0</subfield>
    <subfield code="1">0</subfield>
    <subfield code="2">ddc</subfield>
    <subfield code="4">0</subfield>
    <subfield code="7">0</subfield>
    <subfield code="8">TXB</subfield>
    <subfield code="a">CURAJ</subfield>
    <subfield code="b">CURAJ</subfield>
    <subfield code="c">ECE</subfield>
    <subfield code="d">2021-06-23</subfield>
    <subfield code="e">Academic Book Centre</subfield>
    <subfield code="g">450.00</subfield>
    <subfield code="i">ABC/2020-21/219/03/03/2021</subfield>
    <subfield code="l">1</subfield>
    <subfield code="o">530.141 SM5S</subfield>
    <subfield code="p">36080</subfield>
    <subfield code="r">2023-04-24</subfield>
    <subfield code="s">2023-04-11</subfield>
    <subfield code="w">2021-06-23</subfield>
    <subfield code="y">BK</subfield>
  </datafield>
  <datafield tag="952" ind1=" " ind2=" ">
    <subfield code="0">0</subfield>
    <subfield code="1">0</subfield>
    <subfield code="2">ddc</subfield>
    <subfield code="4">0</subfield>
    <subfield code="7">0</subfield>
    <subfield code="8">TXB</subfield>
    <subfield code="a">CURAJ</subfield>
    <subfield code="b">CURAJ</subfield>
    <subfield code="c">ECE</subfield>
    <subfield code="d">2021-06-23</subfield>
    <subfield code="e">Academic Book Centre</subfield>
    <subfield code="g">450.00</subfield>
    <subfield code="i">ABC/2020-21/219/03/03/2021</subfield>
    <subfield code="l">2</subfield>
    <subfield code="o">530.141 SM5S</subfield>
    <subfield code="p">36081</subfield>
    <subfield code="r">2023-05-26</subfield>
    <subfield code="s">2023-05-12</subfield>
    <subfield code="w">2021-06-23</subfield>
    <subfield code="y">BK</subfield>
  </datafield>
  <datafield tag="952" ind1=" " ind2=" ">
    <subfield code="0">0</subfield>
    <subfield code="1">0</subfield>
    <subfield code="2">ddc</subfield>
    <subfield code="4">0</subfield>
    <subfield code="7">0</subfield>
    <subfield code="8">TXB</subfield>
    <subfield code="a">CURAJ</subfield>
    <subfield code="b">CURAJ</subfield>
    <subfield code="c">ECE</subfield>
    <subfield code="d">2021-06-23</subfield>
    <subfield code="e">Academic Book Centre</subfield>
    <subfield code="g">450.00</subfield>
    <subfield code="i">ABC/2020-21/219/03/03/2021</subfield>
    <subfield code="o">530.141 SM5S</subfield>
    <subfield code="p">36082</subfield>
    <subfield code="r">2021-06-23</subfield>
    <subfield code="w">2021-06-23</subfield>
    <subfield code="y">BK</subfield>
  </datafield>
  <datafield tag="952" ind1=" " ind2=" ">
    <subfield code="0">0</subfield>
    <subfield code="1">0</subfield>
    <subfield code="2">ddc</subfield>
    <subfield code="4">0</subfield>
    <subfield code="7">0</subfield>
    <subfield code="8">TXB</subfield>
    <subfield code="a">CURAJ</subfield>
    <subfield code="b">CURAJ</subfield>
    <subfield code="c">ECE</subfield>
    <subfield code="d">2022-05-10</subfield>
    <subfield code="e">Academic Book Centre</subfield>
    <subfield code="g">450.00</subfield>
    <subfield code="i">ABC/2020-21/219/03/03/2021</subfield>
    <subfield code="l">1</subfield>
    <subfield code="o">530.141 SM5S</subfield>
    <subfield code="p">37180</subfield>
    <subfield code="r">2024-12-23</subfield>
    <subfield code="s">2024-12-20</subfield>
    <subfield code="w">2022-05-10</subfield>
    <subfield code="y">BK</subfield>
  </datafield>
  <datafield tag="952" ind1=" " ind2=" ">
    <subfield code="0">0</subfield>
    <subfield code="1">0</subfield>
    <subfield code="2">ddc</subfield>
    <subfield code="4">0</subfield>
    <subfield code="7">0</subfield>
    <subfield code="8">TXB</subfield>
    <subfield code="a">CURAJ</subfield>
    <subfield code="b">CURAJ</subfield>
    <subfield code="d">2022-05-10</subfield>
    <subfield code="e">ECE</subfield>
    <subfield code="l">0</subfield>
    <subfield code="o">530.141 SM5S</subfield>
    <subfield code="p">37181</subfield>
    <subfield code="r">2022-05-10</subfield>
    <subfield code="w">2022-05-10</subfield>
    <subfield code="y">BK</subfield>
  </datafield>
  <datafield tag="952" ind1=" " ind2=" ">
    <subfield code="0">0</subfield>
    <subfield code="1">0</subfield>
    <subfield code="2">ddc</subfield>
    <subfield code="4">0</subfield>
    <subfield code="7">0</subfield>
    <subfield code="8">TXB</subfield>
    <subfield code="a">CURAJ</subfield>
    <subfield code="b">CURAJ</subfield>
    <subfield code="d">2022-05-10</subfield>
    <subfield code="e">ECE</subfield>
    <subfield code="l">3</subfield>
    <subfield code="o">530.141 SM5S</subfield>
    <subfield code="p">37182</subfield>
    <subfield code="r">2023-08-29</subfield>
    <subfield code="s">2023-08-11</subfield>
    <subfield code="w">2022-05-10</subfield>
    <subfield code="y">BK</subfield>
  </datafield>
  <datafield tag="952" ind1=" " ind2=" ">
    <subfield code="0">0</subfield>
    <subfield code="1">0</subfield>
    <subfield code="2">ddc</subfield>
    <subfield code="4">0</subfield>
    <subfield code="7">0</subfield>
    <subfield code="8">TXB</subfield>
    <subfield code="a">CURAJ</subfield>
    <subfield code="b">CURAJ</subfield>
    <subfield code="d">2022-05-10</subfield>
    <subfield code="e">ECE</subfield>
    <subfield code="l">2</subfield>
    <subfield code="o">530.141 SM5S</subfield>
    <subfield code="p">37183</subfield>
    <subfield code="r">2023-12-26</subfield>
    <subfield code="s">2023-12-13</subfield>
    <subfield code="w">2022-05-10</subfield>
    <subfield code="y">BK</subfield>
  </datafield>
  <datafield tag="952" ind1=" " ind2=" ">
    <subfield code="0">0</subfield>
    <subfield code="1">0</subfield>
    <subfield code="2">ddc</subfield>
    <subfield code="4">0</subfield>
    <subfield code="5">1</subfield>
    <subfield code="7">1</subfield>
    <subfield code="8">RTB</subfield>
    <subfield code="a">CURAJ</subfield>
    <subfield code="b">CURAJ</subfield>
    <subfield code="d">2022-05-10</subfield>
    <subfield code="e">ECE</subfield>
    <subfield code="l">0</subfield>
    <subfield code="o">530.141 SM5S</subfield>
    <subfield code="p">37184</subfield>
    <subfield code="r">2022-05-10</subfield>
    <subfield code="w">2022-05-10</subfield>
    <subfield code="y">BK</subfield>
  </datafield>
  <datafield tag="952" ind1=" " ind2=" ">
    <subfield code="0">0</subfield>
    <subfield code="1">0</subfield>
    <subfield code="2">ddc</subfield>
    <subfield code="4">0</subfield>
    <subfield code="7">0</subfield>
    <subfield code="8">TXB</subfield>
    <subfield code="a">CURAJ</subfield>
    <subfield code="b">CURAJ</subfield>
    <subfield code="d">2022-05-10</subfield>
    <subfield code="e">ECE</subfield>
    <subfield code="l">4</subfield>
    <subfield code="o">530.141 SM5S</subfield>
    <subfield code="p">37185</subfield>
    <subfield code="r">2024-03-04</subfield>
    <subfield code="s">2024-02-21</subfield>
    <subfield code="w">2022-05-10</subfield>
    <subfield code="y">BK</subfield>
  </datafield>
</record>
